Խօսնակ : (Record no. 535654)
[ view plain ]
| 000 -LEADER | |
|---|---|
| fixed length control field | 02417nas a2200301 a 4500 |
| 001 - CONTROL NUMBER | |
| control field | 000919489 |
| 003 - CONTROL NUMBER IDENTIFIER | |
| control field | AM-YEHGA |
| 005 - DATE AND TIME OF LATEST TRANSACTION | |
| control field | 20250805111843.0 |
| 008 - FIXED-LENGTH DATA ELEMENTS--GENERAL INFORMATION | |
| fixed length control field | 140619c1957 le |||pd|| || ||arm|| |
| 040 ## - CATALOGING SOURCE | |
| Original cataloging agency | AM-YEHGA |
| 041 0# - LANGUAGE CODE | |
| Language code of text/sound track or separate title | arm |
| 245 00 - TITLE STATEMENT | |
| Title | Խօսնակ : |
| Remainder of title | Պաշտօնաթերթ Հ. Բ. Ը. Միութեան եւ Հ. Ե. Ընկերակցութեան Լիբանանի շրջանակի / |
| Statement of responsibility, etc. | Խմբ.՝ Ա. Մակարեան, Պ. Աղպաշեան. |
| 246 3# - VARYING FORM OF TITLE | |
| Title proper/short title | Խոսնակ : |
| 246 15 - VARYING FORM OF TITLE | |
| Title proper/short title | Khosnag / |
| 260 ## - PUBLICATION, DISTRIBUTION, ETC. | |
| Place of publication, distribution, etc. | Պէյրութ : |
| Name of publisher, distributor, etc. | տպ. Շիրակ, |
| Date of publication, distribution, etc. | 1957-2008; |
| 260 ## - PUBLICATION, DISTRIBUTION, ETC. | |
| Place of publication, distribution, etc. | Անթիլիաս, |
| Date of publication, distribution, etc. | 2008-. |
| 270 ## - ADDRESS | |
| Address | Նամակատուփ 402, Անթիլիաս |
| Telephone number | Հեռ. 01-254324 01-254323 |
| 300 ## - PHYSICAL DESCRIPTION | |
| Extent | Համար ; |
| Other physical details | նկ. ; |
| Dimensions | 28 x 19 սմ. |
| 362 0# - DATES OF PUBLICATION AND/OR SEQUENTIAL DESIGNATION | |
| Dates of publication and/or sequential designation | 1957-. |
| 500 ## - GENERAL NOTE | |
| General note | Ենթավերնագրեր՝ Պաշտօնաթերթ Հ.Բ.Ը. միութեան Լիբանանի շրջանակային հանձնաժողովի եւ հայ երիտասարդաց ընկերակցութեան Պաշտօնաթերթ Հ.Բ.Ը. միութեան եւ Հ.Ե. ընկերակցութեան Լիբանանի շրջանակի Խմբագիրներ՝ Սարգիս Մինասեան Գ. Քյոսեյեան Գէորգ Քէշիշեան Յակոբ Թորոսեան Երվ. Պապայեան Տիար Լեւոն Վարդանի Պարոյր Աղպաշեան Արամ Սէփէրճեան Համբիկ Մարտիրոսեան Տպարաններ՝ Սեւան Աթլաս Արազ Զարթօնք Սիփան Կայքէջ՝ http://khosnag.org/issues.html (Վերջին դիտում՝ 03.10.2019թ.): |
| 525 ## - SUPPLEMENT NOTE | |
| Supplement note | Հավելված՝ Փշապսակ: Երգիծաթերթ Հ.Ե. ընկերակցութեան ասպետներու, 1968 (ՀԱԳ բացակա) / տե՛ս Դանիէլեան Ժ. Ակնարկ լիբանանահայ մամուլի պատմութեան, Հայկազեան հայագիտական հանդէս, 1973, հ. Դ, էջ 255 http://tert.nla.am/archive/NLA%20AMSAGIR/Haigazean/D.pdf |
| 610 24 - SUBJECT ADDED ENTRY--CORPORATE NAME | |
| Corporate name or jurisdiction name as entry element | Հայկական բարեգործական ընդհանուր միութիւն |
| 9 (RLIN) | 4893 |
| 650 #4 - SUBJECT ADDED ENTRY--TOPICAL TERM | |
| Topical term or geographic name entry element | Հայեր |
| Geographic subdivision | Լիբանան |
| Form subdivision | Պարբերականներ |
| 655 #7 - INDEX TERM--GENRE/FORM | |
| Genre/form data or focus term | Ամսագրեր |
| 700 1# - ADDED ENTRY--PERSONAL NAME | |
| Personal name | Մակարեան, Ասատուր |
| Relator term | Խմբ. |
| Relationship | edt |
| 700 1# - ADDED ENTRY--PERSONAL NAME | |
| Personal name | Աղպաշեան, Պարոյր Յովհաննէսի, |
| Relator term | խմբ. |
| Relationship | edt |
| Dates associated with a name | 1945- |
| 942 ## - ADDED ENTRY ELEMENTS (KOHA) | |
| Koha item type | Շարունակական պաշար / Continuing Resource |
| Source of classification or shelving scheme | Universal Decimal Classification |
| Withdrawn status | Lost status | Source of classification or shelving scheme | Damaged status | Not for loan | Collection | Home library | Current library | Date acquired | Serial enumeration / chronology | Total checkouts | Full call number | Barcode | Date last seen | Price effective from | Koha item type | Public note |
|---|---|---|---|---|---|---|---|---|---|---|---|---|---|---|---|---|
| Universal Decimal Classification | Zhamkochyan Individual collection | Fundamental Scientific Library | Fundamental Scientific Library | 28/07/2025 | 1957, Պր․ Ա, 1959, Բ տարի, Պր․ Դ (ԺԱ),Ե (ԺԲ), Զ (ԺԳ), 1960, Գ տարի, Պր․ Դ (ԺԸ), Պր․ Զ (Ի), 1961, Ե տարի, Թիւ 1 | Ժամ/1074 | FL0693126 | 28/07/2025 | 28/07/2025 | Շարունակական պաշար / Continuing Resource | ILL Non-Circ |
ՀՀ Գիտությունների ազգային ակադեմիայի հիմնարար գիտական գրադարան = Fundamental Scientific Library of NAS RA
All site content, except where otherwise noted, is licensed under a